000 04889cam a2200541 i 4500
001 200468097
003 TR-AnTOB
005 20260414091344.0
007 ta
008 260414t19761976nyuh e b 000 1 eng
010 _a 76055321
020 _a0393091724
020 _a9780393091724
020 _a0393044343
020 _a9780393044348
035 _a(CaAwUCM)2806169-01ucs_ucm
035 _a(OCoLC)02806169
_z(OCoLC)25523284
_z(OCoLC)226303577
_z(OCoLC)229187627
_z(OCoLC)1171695519
035 _a(OCoLC)ocm02806169
035 _a(EXLNZ-01UCS_NETWORK)9912313941406531
035 _a(TR-AnTOB)200468097
040 _aDLC
_beng
_erda
_cDLC
_dBAKER
_dNLGGC
_dBTCTA
_dYDXCP
_dVUE
_dOCLCQ
_dOG#
_dWTU
_dAXH
_dTLE
_dDEBSZ
_dGBVCP
_dDEBBG
_dIET
_dOCLCQ
_dOCLCO
_dOCLCF
_dOVY
_dOCLCO
_dWVX
_dOCLCO
_dOCLCQ
_dOCLCO
_dOCL
_dOCLCO
_dOCLCA
_dSJG
_dOCLCQ
_dOCLCO
_dHUELT
_dZCY
_dTCJ
_dWLU
_dPAU
_dMHH
_dOCLCO
_dOCLCQ
_dZCU
_dOCLCO
_dDLC
_dOCLCO
_dOCLCQ
_dOCLCO
_dOCLCA
_dLWA
_dUKEHC
_dOCLCA
_dOCLCO
_dCRG
_dOCLCO
_dCFU
_dOCLCO
_dSGP
_dOCLCO
_dOCLCL
_dOCLCQ
_dLWA
_dVVH
_dRID
_dOCLCO
_dOCLCL
_dOCLCQ
_dTR-AnTOB
041 0 _aeng
043 _an-us-la
050 0 4 _aPS1294.C63
_bA62 1976
090 _aPS1294.C63
_bA62 1976
100 1 _aChopin, Kate,
_d1850-1904
_eauthor
_4aut
_0http://id.loc.gov/authorities/names/n80008080
_9116579
245 1 4 _aThe awakening :
_ban authoritative text, contexts, criticism /
_cKate Chopin ; edited by Margaret Culley.
250 _aFirst edition.
264 1 _aNew York :
_bW.W. Norton & Company,
_c1976.
264 4 _c©1976
300 _aviii, 229 pages :
_bfacsimile ;
_c22 cm
336 _atext
_btxt
_2rdacontent
337 _aunmediated
_bn
_2rdamedia
338 _avolume
_bnc
_2rdacarrier
490 0 _aNorton critical edition
504 _aBIB
505 0 0 _g[Table of Contents] --
_tPreface --
_tThe Text of The Awakening --
_gCONTEXTS: --
_tThe Context of The Awakening /
_rMargaret Culley --
_tCreole Women /
_rMary L. Shaffter --
_t[Southern Womanhood] /
_rWilbur Fisk Tillett --
_tAre Women Growing Selfish? (August 13, 1897) /
_rDorothy Dix --
_tThe American Wife (January 23, 1898) /
_rDorothy Dix --
_tSummer Flirtations (August 13, 1899) /
_rDorothy Dix --
_tA Strike for Liberty (October 29, 1899) /
_rDorothy Dix --
_tWomen and Suicide (October 8, 1899) /
_rDorothy Dix --
_t(Gilman) from Women and Economics /
_rCharlotte Perkins Stetson --
_t[Conspicuous Consumption and the Servant-Wife /
_rThorstein Veblen --
_gCRITICISM: --
_tEditor's Note --
_tContemporary Reviews: --
_tFrom The Mirror (May 4, 1899) --
_tFrom the St. Louis Daily Globe-Democrat (May 13, 1899) --
_tFrom the St. Louis Post-Dispatch (May 20, 1899) --
_tFrom the Chicago Times-Herald (June 1, 1899) --
_tFrom the Providence Sunday Journal (June 4, 1899) --
_tFrom the New Orleans Times-Democrat (June 18, 1899) --
_tFrom Public Opinion (June 22, 1899) --
_tFrom Literature (June 23, 1899) --
_tFrom the Los Angeles Sunday Times (June 25, 1899) --
_tFrom the Pittsburgh Leader (July 8, 1899) --
_tLetters from "Lady Janet Scammon Young" and "Dr. Dunrobin Thomson" --
_tChopin's "Retraction" --
_gESSAYS ON CRITICISM: --
_t[The Unlikely Awakening of a Married Woman] /
_rPercival Pollard --
_t[Influences Upon the Novel] /
_rDaniel S. Rankin --
_tA Forgotten Novel /
_rKenneth Eble --
_t[The Southern Woman in Fiction] /
_rMarie Fletcher --
_tFrom The American 1890s /
_rLarzer Ziff --
_t[Contrasting Forces in the Novel] /
_rGeorge Arms --
_t[Kate Chopin and the American Realists] /
_rPer Seyersted --
_t[The Ending of the Novel] /
_rGeorge M. Spangler --
_tLocal Color in The Awakening /
_rJohn R. May --
_t[Kate Chopin and Walt Whitman] /
_rLewis Leary --
_t[Edna and the "Woman Question"] /
_rJules Chametzky --
_tRomantic Imagery /
_rDonald A. Ringe --
_tThanatos and Eros /
_rCynthia Griffin Wolff --
_tEdna's Suicide: The Problem of the One and the Many /
_rSuzanne Wolkenfeld --
_tEdna Pontellier: "A Solitary Soul" /
_rMargaret Culley --
_tSelected Bibliography
520 3 _aIn the summer of her 28th year, Edna Pontellier and her children, along with the wives and families of other prospective businessmen, spend the summer in an idyllic coastal community away from their husbands and the sweltering heat of 1890s' New Orleans. Aware of deep yearnings that are unfulfilled by marriage and motherhood, Edna plunges into an illicit liaison that reawakens her long dormant desires, inflames her heart, and eventually blinds her to all else.
600 1 0 _aChopin, Kate,
_d1850-1904.
_tAwakening
_0http://id.loc.gov/authorities/names/n2012015669
_9153629
650 0 _aWomen
_zLouisiana
_vFiction
_9116581
650 0 _aAdultery
_vFiction
_95105
651 0 _aNew Orleans (La.)
_vFiction
_9153630
655 7 _aPsychological fiction
_2lcgft
_0http://id.loc.gov/authorities/genreForms/gf2014026492
_95034
700 1 _aCulley, Margo
_eauthor
_4aut
_0http://id.loc.gov/authorities/names/n84033570
_9153631
942 _2lcc
_cBK
999 _c200468097
_d86309